000 00471ntaaa2200181 4500
003 01
005 20251027202025.0
008 0714s1973 ag 01
040 _aAR-BaBN
_bspa
_cAR-BaBN
_eaacr
_dRIC
082 _a248.8300 Sc1m
100 _aScetti, Leopoldo
_9804
245 _aNuestro vivir es Cristo
250 _a1 ed.
260 _aBuenos Aires :
_bJunta Bautista de Publicaciones,
_c1975
300 _a105 p
650 _ajovenes-vida cristiana
_95243
942 _cBK
999 _c15043
_d15043